000 00468nam a2200157Ia 4500
005 20250421104921.0
008 231217s9999 xx 000 0 und d
020 _a9788131403716
082 _a658.834 JAY;1 R
100 _aJaya Krishna, S ed.
245 0 _aICFAI University Press on supply chain management : concepts and perspectives
260 _c2006
_bIcfai
_aHyderabad
300 _avii, 242
650 _aICFAI,Press,supply,chain,management
942 _cAA
999 _c191283
_d191283